| 000 | 00987cam a2200253 4500 | ||
|---|---|---|---|
| 001 | J117694 | ||
| 008 | 000000n2002 000 0 eng u | ||
| 035 | _a(Sirsi) u117694 | ||
| 041 | _aeng | ||
| 050 |
_a692.8 _c18 |
||
| 110 |
_aJoint Contracts Tribunal _93664 |
||
| 245 | _aStandard Form of Building Contract 1998 - Practice note 5 (series 2) | ||
| 260 |
_aLondon _bRIBA _c2002 |
||
| 300 |
_a32p. _c30cm. |
||
| 350 | _a13 | ||
| 490 |
_aJCT Practice Note _v5 (Series 2) |
||
| 520 | _aDeals with deciding on the appropriate JCT form of main contract. Includes a flowchart for selecting the contract inside the back cover. | ||
| 650 | _aBUILT ENVIRONMENT-BUILDING CONTRACT FORMS | ||
| 650 | _aJCT STANDARD FORM OF BUILDING CONTRACT (1998 EDITION) | ||
| 650 | _aPRACTICE NOTES | ||
| 650 | _aBUILT ENVIRONMENT-BUILDING CONTRACT FORMS-STANDARD FORMS OF BUILDING CONTRACT-JOINT CONTRACTS TRIBNUAL CONTRACTS | ||
| 690 | _aBUILT ENVIRONMENT-BUILDING CONTRACT FORMS | ||
| 942 | _n0 | ||
| 999 |
_c102050 _d102050 |
||